Statistiche per Goleador di Europa League

Clicka qui per fare il quiz!

Statistiche generali

  • Questo quiz è stato fatto 63 volte
  • Il punteggio medio è 5 su 18

Statistiche sulle risposte

GolGiocatoreNazionalitàSquadre% Corretto
31FalcaoColombiaPorto, Atletico Madrid
87%
34HuntelaarOlandaHeerenveen, Ajax, Schalke 04
62%
22BergkampOlandaAjax, Inter, Arsenal
45%
40LarssonSveziaFeyenoord, Celtic, Helsingborg
45%
24PizarroPerùWerder Brema
45%
22KlinsmannGermaniaStoccarda, Inter, Bayern Monaco, Sampdoria
35%
23CardozoParaguayBenfica, Trabzonspor, Olympiakos
29%
29MullerGermaniaColonia, Stoccarda, Saarbrucken
22%
25AltobelliItaliaInter, Juventus
18%
27ArveladzeGeorgiaDinamo Tbilisi, Trabzonspor, Ajax, Rangers, AZ Alkmaar
18%
22RummeniggeGermaniaBayern Monaco, Inter, Servette
18%
22DefoeInghilterraTottenham, Portsmouth
13%
22KerzhakovRussiaZenit San Pietroburgo, Dinamo Mosca
5%
25PetricCroaziaGrasshoppers, Basilea, Amburgo, Panathinaikos
5%
23AlanBrasileRed Bull Salisburgo
4%
23HeynckesGermaniaBorussia M'gladbach
4%
22ChiversInghilterraTottenham, Servette
2%
23SalpiggidisGreciaPAOK, Panathinaikos
2%

Distribuzione punteggi

Percentile per numero di risposta

Percentuale di utenti per punteggio

I tuoi punteggi nel tempo

Non hai fatto questo quiz